| 000 | 00737nam a22001817a 4500 | ||
|---|---|---|---|
| 003 | UA-OsUOA | ||
| 001 | 19777 | ||
| 007 | ta | ||
| 008 | 20040925b un ||||| |||| 00| 0 ukr d | ||
| 100 | _aКохан В. | ||
| 942 | _cSA | ||
| 040 |
_aUA-OsUOA _cUA-OsUOA _dUA-OsUOA |
||
| 245 |
_aЗбережемо довкілля разом _b[Про новацію в роботі ЗАТ "Консюмерс-Скло-Зоря" - проведення громад. слухань щодо оцінки впливу нового вир-ва на довкілля] |
||
| 300 | _aС.1 | ||
| 955 | _a0 | ||
| 773 | 0 |
_w0 _tВісті Рівненщини _dРівне _d2004 _g№86/87/17 верес./ |
|
| 650 | 7 |
_aКраєзнавча робота _2UDC |
|
| 999 |
_c305950 _d305950 |
||